| 000 | 00990nas a2200325 4500 | ||
|---|---|---|---|
| 001 | BR2013002161 | ||
| 003 | BR-BrBNA | ||
| 005 | 20231205122059.0 | ||
| 007 | ta | ||
| 008 | 230509b bl.|||p| |||| 00| 00por d | ||
| 040 |
_aBR-BrBNA _bpor _cBiblioteca Nacional de Agricultura |
||
| 041 | _a(Pt) | ||
| 072 | _aF08; E16 | ||
| 100 | 1 | _aSilva, V.A. | |
| 100 | 1 | _aLima, L.A | |
| 100 | 1 | _aAndrade, F.T. | |
| 100 | 1 | _aFerreira, E.A. | |
| 100 | 1 | _aSouza Junior, E.A. de | |
| 100 | 1 | _aColares, M.F.B. | |
| 100 | 1 | _aMoreira, L.L.Q. | |
| 245 | 1 | _aSistemas intercalares com abacaxizeiro como alternativa de renda durante a formação de cafezais irrigados | |
| 650 | _aABACAXI | ||
| 650 | _aCAFÉ | ||
| 650 | _aCULTIVO INTERCALADO | ||
| 650 | _aPRODUTIVIDADE | ||
| 650 | _aRENDIMENTO | ||
| 773 | 0 |
_tPesquisa Agropecuária Brasileira (Brazil) _xISSN 0100-204X _g(Oct 2012), v. 47(10) p. 1471-1479 _wBR2013002161 |
|
| 909 |
_a202311 _bLúcia _c55 _dLúcia Elande |
||
| 942 |
_2AGRIS _n0 _cANA |
||
| 999 |
_c226826 _d226826 |
||